| 000 | 01505nam a2200349Ia 4500 | ||
|---|---|---|---|
| 001 | 53049 | ||
| 003 | IT-RoPAU | ||
| 008 | 130308s9999 xx 000 0 und d | ||
| 040 | _aIT-RoPAU | ||
| 040 | _cIT-RoPAU | ||
| 041 | _aITALIANO | ||
| 100 | _aBrochand Bernard | ||
| 100 | _gCodice Aut. SPICS: 17493 | ||
| 240 | _aPUBLICITOR (LE) | ||
| 240 | _gCodice Tit. Orig. Spics: T0286 | ||
| 245 | _aRegole del gioco (Le)-Le publicitor | ||
| 245 | _bRegole del Gioco (Le)-Le Publicitor | ||
| 250 | _a1a ed. | ||
| 260 | _aMILANO | ||
| 260 | _bLupetti & Co. | ||
| 260 | _c1986 [1° Ed.:1986 - Ed.Ling.Originale:1983] | ||
| 300 | _a"272 p. (prefazione: no ; testo: 272)" | ||
| 500 | _aDefinizioni della Pubblicità utenti della Pubblicità Chi Fa la Pubblicità Strategia di Comunicazione Obiettivi pubblicitari budget pubblicitario teorie della Comunicazione target della Comunicazione Capire I Destinatari e I Media scelta dei Media Creazione del Messaggio pubblicitario Metodi della Creazione pubblicitaria Linguaggi della Pubblicità Valutazione della Creatività Produzione dei Messaggi Radio spot Televisivi Affissioni Annunci Stampa scelta di un'agenzia Rapporti Agenzie utenti Influenza della Pubblicità Sui mercati misura dell'efficacia della Pubblicita' | ||
| 650 | _aLINGUAGGIO DELLA PUBBLICITA' | ||
| 650 | _eCodice materia Spics: 6204 | ||
| 700 | _aLendrevie Jacques | ||
| 700 | _gCodice Aut. SPICS: 6684 | ||
| 942 | _cBK | ||
| 957 | _71 | ||
| 999 |
_c69398 _d69398 |
||
| 999 | _bSI | ||
| 999 | _g1 | ||